| 000 | 00738nam a22002297a 4500 | ||
|---|---|---|---|
| 003 | UA-OsUOA | ||
| 001 | 53453 | ||
| 007 | ta | ||
| 008 | 20080402b un ||||| |||| 00| 0 ukr d | ||
| 090 |
_a82. 09 (477) _bТ46 |
||
| 942 | _cBK | ||
| 040 |
_aUA-OsUOA _bukr _cUA-OsUOA _dUA-OsUOA |
||
| 245 |
_aSemper magister et semper tiro: Іван Франко та Осип Маковей _cупоряд. Н. Тихолоз, відп. ред. Є. Нахлік |
||
| 300 | _a172 с. | ||
| 955 | _a2 | ||
| 041 | _aukr | ||
| 080 | _a82. 09 (477) | ||
| 020 | _a966-02-4197-6 | ||
| 260 |
_aЛьвів _bЛВІЛ ім. Т. Г. Шевченка _c2007 |
||
| 650 | 7 |
_a82 Література. Літературознавство _2UDC |
|
| 999 |
_c339542 _d339542 |
||